[Event "Titled Tue 16th Apr Early"]
[Site "chess.com INT"]
[Date "2024.04.16"]
[Round "10"]
[White "Makarian, Rudik"]
[Black "Narayanan, Sri"]
[Result "1-0"]
[WhiteElo "2524"]
[BlackElo "2533"]
[PlyCount "195"]
[EventDate "2024.04.16"]

1. Nf3 {Huzman,Alexander} d5 2. c4 dxc4 3. e3 Nf6 4. Bxc4 e6 5. d4 a6 6. Nc3 c5 7. Bb3 cxd4 8. exd4 Nc6 9. O-O Be7 10. Re1 O-O 11. Bf4 Nb4 ({RR} 11... Na5 12. d5 Nxb3 13. Qxb3 Nxd5 14. Rad1 Nxf4 15. Rxd8 Rxd8 16. Rd1 Nd5 17. Ne5 ({RR} 17. Nxd5 exd5 18. h3 b5 19. Rxd5 Be6 20. Rxd8+ Rxd8 21. Qc2) 17... Bf6 18. Nc4 Rb8 ({RR} 18... Nxc3 19. Rxd8+ Bxd8 20. Nb6) 19. Na5 ({RR} 19. Nxd5 exd5 20. Ne3 Be6 ({RR} 20... d4 21. Nd5 Be5 22. Re1 Bd6) 21. Nxd5 Bxb2 22. Qxb2 Rxd5 23. Rxd5 Bxd5) ({RR} 19. Nb6 Nxb6 20. Qxb6 Bd7 21. Ne4 Be7) 19... Bd7 20. Ne4 ({RR} 20. Nxd5 exd5 21. Rxd5 b6 22. Nc4 Be6) 20... Be7 21. Nc4 Bb5 22. Ne5 Be8 23. h3 b5 24. Qg3 Rbc8 25. Kh1 a5 26. h4 {Kramnik,V (2802)-Kasparov,G (2838) Moscow 2001 CBM 087 [Huzman,Alexander] 0-1 (34)}) ({RR} 11... Na5 12. Bc2 b5 13. d5 Nc4 14. b3 Nd6 15. Nd4 Bb7 16. dxe6 Rc8 17. Re3 Re8 18. Qd3 Rxc3 19. Qxc3 Nd5 20. Qd3 g6 21. Bxd6 Qxd6 22. exf7+ Kxf7 23. Re6 Qd7 24. Rae1 Nc7 25. Qh3 Nxe6 26. Qxh7+ {Makarian,R (2547)-Rustemov,A (2525) chess.com INT 2024 1-0 (45)}) 12. Rc1 b5 $146 ({RR} 12... b6 13. d5 Nbxd5 14. Nxd5 Nxd5 15. Bxd5 exd5 16. Bc7 Qd7 17. Ne5 Qb5 18. a4 Qxb2 19. Re2 Qa3 20. Re3 {1-0 (20) Akesson,R (2486)-Degerman,L (2500) Sweden 2001}) 13. d5 Nbxd5 14. Nxd5 Nxd5 15. Bxd5 exd5 16. Nd4 Bf6 17. Nc6 Qd7 18. Be5 Bg5 19. Rc3 d4 20. Nxd4 Bb7 21. Rc7 Qd5 22. Qg4 f6 23. Ne6 Rae8 24. Rxg7+ Kh8 25. Rxg5 Qxe6 26. Rf5 Qc6 27. Bxf6+ Rxf6 28. Rxe8+ Qxe8 29. h3 Qe1+ 30. Kh2 Qe6 31. Rxf6 Qxf6 32. Qg3 Qf7 33. Qe5+ Kg8 34. Qg3+ Qg7 35. Qb8+ Qf8 36. Qxb7 Qxf2 37. Qa8+ Kg7 38. Qb7+ Kg8 39. Qd5+ Kg7 40. Qe5+ Kg8 41. a3 Qc2 42. Qg3+ Kf7 43. Qe5 Kg8 44. Kg3 Qd3+ 45. Kf2 Qc2+ 46. Kf3 Qd1+ 47. Kg3 Qc2 48. Qe6+ Kg7 49. Qg4+ Kh8 50. Qd4+ Kg8 51. Kh2 Qc7+ 52. Kg1 Qc1+ 53. Kf2 Qc2+ 54. Kf3 Qc6+ 55. Kg3 Qc2 56. h4 Qb3+ 57. Kh2 Qc2 58. h5 Qc7+ 59. Kh3 Qc8+ 60. g4 Qc6 61. Kg3 h6 62. Kf4 Qc7+ 63. Kf5 Qf7+ 64. Ke4 Qe6+ 65. Kf3 Qb3+ 66. Ke4 Qe6+ 67. Kd3 Qb3+ 68. Kd2 Qf3 69. Kc2 Qe2+ 70. Kc3 Qf3+ 71. Kb4 Qc6 72. Ka5 Qe6 73. b4 Qc6 74. Qd8+ Kf7 75. Qb6 Qc3 76. Qa7+ Kg8 77. Qa8+ Kg7 78. Qb7+ Kg8 79. Qb8+ Kg7 80. Qa7+ Kg8 81. Qxa6 Qxa3+ 82. Kxb5 Qd3+ 83. Kb6 Qd6+ 84. Ka5 Qe5+ 85. Qb5 Qa1+ 86. Kb6 Qd4+ 87. Qc5 Qxg4 88. b5 Qe6+ 89. Ka5 Qa2+ 90. Kb6 Qe6+ 91. Qc6 Qe3+ 92. Kb7 Qe7+ 93. Ka6 Qa3+ 94. Kb6 Qe3+ 95. Kc7 Qe5+ 96. Kd7 Qd4+ 97. Qd6 Qg4+ 98. Qe6+ 1-0

[Event "Titled Tue 16th Apr Late"]
[Site "chess.com INT"]
[Date "2024.04.16"]
[Round "5"]
[White "Santos Latasa, J."]
[Black "Shankland, S."]
[Result "1-0"]
[WhiteElo "2628"]
[BlackElo "2671"]
[PlyCount "77"]
[EventDate "2024.04.16"]

1. Nf3 d5 2. e3 Nf6 3. c4 c6 4. Qc2 g6 5. b3 Bg7 6. Bb2 O-O 7. Be2 Bf5 8. d3 Na6 ({RR} 8... Nbd7 9. O-O Bg4 10. Nbd2 e5 11. h3 Bxf3 12. Bxf3 h5 13. g3 Nh7 14. Bg2 Rc8 15. Qd1 Nc5 16. Ba3 b6 17. Qe2 Re8 18. Bxc5 bxc5 19. Rac1 Qd7 20. Nb1 e4 21. Rfd1 Qe6 22. dxe4 dxe4 23. Nc3 {Ozates,T (2225)-Yurasova,D (2064) chess.com INT 2025 1-0 (53)}) 9. O-O Rc8 ({RR} 9... dxc4 10. Qxc4 Qd5 11. Qc1 Qc5 12. Nc3 Nd5 13. d4 Nxc3 14. Bxc3 Qb6 15. Nd2 Be6 16. Nc4 Bxc4 17. bxc4 c5 18. Rb1 Qc7 19. d5 b6 20. Bxg7 Kxg7 21. Qc3+ f6 22. f4 Nb8 23. e4 Nd7 24. Bg4 {Santos Latasa,J (2624)-Tadic,S (2440) Timisoara ROU 2024 1-0 (33)}) 10. Rd1 Qb6 11. Nbd2 $146 ({RR} 11. Nc3 Nc5 12. Rab1 Rfd8 13. b4 Na6 14. Na4 Qc7 15. Be5 Qd7 16. Nc5 Nxc5 17. bxc5 Ne8 18. Bg3 f6 19. Qb3 e5 20. Qxb7 Bf8 21. Qxd7 Rxd7 22. Rbc1 d4 23. exd4 exd4 24. Nd2 Bxc5 25. Nb3 Bb4 {Fradkin,B (2345)-Kashin,Y Omsk/Perm 1998 1-0 (61)}) 11... Rfd8 12. a3 h6 13. h3 g5 14. Rab1 Bh7 15. b4 c5 16. b5 Nc7 17. a4 Ne6 18. cxd5 Rxd5 19. Nc4 Qd8 20. Qb3 b6 21. a5 h5 22. axb6 axb6 23. Bxf6 Bxf6 24. Nxb6 c4 25. Nxc4 Nc5 26. Qa2 Ra8 27. Qc2 Nxd3 28. Nb6 Nf4 29. Nxd5 Bxc2 30. Nxf6+ Kg7 31. Rxd8 Nxe2+ 32. Kf1 Rxd8 33. Nxh5+ Kh6 34. Rb2 Bd3 35. Ne5 Nc3+ 36. Ke1 Kxh5 37. Rd2 f6 38. Nxd3 Nxb5 39. Nf4+ 1-0

[Event "Titled Tue 23rd Apr Early"]
[Site "chess.com INT"]
[Date "2024.04.23"]
[Round "3"]
[White "Ivanchuk, V."]
[Black "Vakhidov, J."]
[Result "1-0"]
[WhiteElo "2611"]
[BlackElo "2599"]
[PlyCount "75"]
[EventDate "2024.04.23"]

1. Nf3 c5 2. g3 g6 3. c3 Bg7 4. d4 cxd4 5. cxd4 Nf6 6. Nc3 d5 7. Bg2 O-O 8. Ne5 Ne4 9. Nxe4 dxe4 10. Bxe4 Nc6 11. Nxc6 bxc6 12. O-O $146 ({RR} 12. Bxc6 Rb8 13. e3 Bh3 14. f4 Qb6 15. Bf3 g5 16. Qe2 Rfc8 17. Bg4 Qb4+ 18. Bd2 Qxb2 19. Rd1 Bxg4 20. Qxg4 Rc2 21. fxg5 Qxa2 22. Rf1 Rb1 23. Rxb1 Qxb1+ 24. Qd1 Qb3 25. Rf5 e5 26. dxe5 Qd3 {Matlakov,M (2671)-Dubov,D (2702) Chess.com INT 2022 0-1}) 12... Qxd4 13. Qxd4 Bxd4 14. Be3 Bxe3 15. fxe3 Rb8 16. b3 Ba6 17. Rfc1 Bxe2 18. Rxc6 Rfc8 19. Rac1 Rxc6 20. Rxc6 Kf8 21. Rc7 a6 22. Kf2 Bb5 23. Ra7 Rb6 24. a4 Be8 25. Ra8 e6 26. a5 Rd6 27. Bb7 Ke7 28. Bxa6 Rd2+ 29. Ke1 Rb2 30. Bc4 Bc6 31. Ra7+ Kf6 32. a6 Ra2 33. Rc7 Bf3 34. a7 Ke5 35. Rxf7 Ke4 36. Bxe6 Kxe3 37. Rxf3+ Kxf3 38. a8=Q+ 1-0

[Event "Titled Tue 23rd Apr Early"]
[Site "chess.com INT"]
[Date "2024.04.23"]
[Round "6"]
[White "Eljanov, P."]
[Black "Svane, Frederik"]
[Result "1-0"]
[WhiteElo "2706"]
[BlackElo "2627"]
[PlyCount "139"]
[EventDate "2024.04.23"]

1. Nf3 c6 2. g3 d5 3. c4 Nf6 4. Bg2 e6 5. O-O Be7 6. Qc2 O-O 7. b3 b6 8. Rd1 ({RR} 8. d3 Bb7 9. e4 c5 10. e5 Nfd7 11. Nc3 Nc6 12. Qe2 dxc4 13. dxc4 Nd4 14. Nxd4 Bxg2 15. Kxg2 cxd4 16. Nb5 d3 17. Qxd3 Nxe5 18. Qe4 Qc8 19. Bf4 Ng6 20. Bd6 f5 21. Qf3 Bxd6 22. Nxd6 Qc5 {Miles,A (2595)-Bagaturov,G (2485) Chania 1997 ½-½ (38)}) ({RR} 8. Bb2 Bb7 9. d4 Nbd7 10. Rd1 Rc8 11. Nc3 c5 12. dxc5 Rxc5 13. Ba3 Rc8 14. Bxe7 Qxe7 15. cxd5 Nxd5 16. Nxd5 Bxd5 17. Qb2 Qf6 18. Qxf6 Nxf6 19. Rac1 Rfd8 20. Ne5 Bxg2 21. Kxg2 Re8 22. Kf3 Kf8 {Xhembulla,A (2309)-Weidenhoefer,M (2042) chess.com INT 2025 1-0 (78)}) 8... Nbd7 $146 ({RR} 8... Ne4 9. d3 Bf6 10. Bb2 Bxb2 11. Qxb2 Qf6 12. d4 Nd7 13. e3 Qe7 14. Ne1 Nef6 15. Nd2 Bb7 16. Nd3 Rfd8 17. f4 Ng4 18. Re1 f5 19. h3 Ngf6 20. Ne5 Ne4 21. Nxe4 Nxe5 22. Nf2 Nd7 23. Rac1 {Rybak,J (2028)-Rogala,J (1637) Rowy 2003 1-0 (46)}) 9. Nc3 Ba6 10. d3 Rc8 11. e4 dxe4 12. dxe4 Qc7 13. Nh4 Rfd8 14. h3 Bc5 15. Na4 Bf8 16. f4 e5 17. Rf1 b5 18. Nb2 Nc5 19. fxe5 Qxe5 20. Bf4 Qd4+ 21. Kh2 bxc4 22. Nf5 cxb3 23. axb3 Qb4 24. Rxa6 Nxa6 25. e5 Nd5 26. Bg5 Re8 27. Nc4 Rb8 28. Qf2 Qb7 29. Nfd6 Bxd6 30. Nxd6 Qd7 31. Nxe8 Rxe8 32. Ra1 Nac7 33. Rxa7 h6 34. Bf4 Qc8 35. h4 Rf8 36. Bd2 Qb8 37. Ra3 Ne6 38. Qf5 Ne7 39. Qe4 Rd8 40. Be3 Nd5 41. Bf2 Nc3 42. Qxc6 Nb5 43. Ra8 Qxa8 44. Qxa8 Rxa8 45. Bxa8 Kf8 46. b4 Ke7 47. Kg2 Kd8 48. Kf3 Kc7 49. Bd5 Nc3 50. Bc4 Kc6 51. Be1 Nb5 52. Bd2 Nbd4+ 53. Ke4 Nb5 54. Bd5+ Kd7 55. Kd3 Nbc7 56. Kc4 Nxd5 57. Kxd5 Nc7+ 58. Kc5 Ne6+ 59. Kb6 Nd4 60. b5 Kc8 61. Be3 Nf5 62. Bf2 Ne7 63. Kc5 Nf5 64. b6 Kb7 65. h5 Ne7 66. Kd6 Nf5+ 67. Kd7 Kb8 68. g4 g6 69. gxf5 gxf5 70. Ke7 1-0

[Event "Titled Tue 23rd Apr Late"]
[Site "chess.com INT"]
[Date "2024.04.23"]
[Round "6"]
[White "Santos Latasa, J."]
[Black "Bacrot, E."]
[Result "1-0"]
[WhiteElo "2628"]
[BlackElo "2686"]
[PlyCount "71"]
[EventDate "2024.04.23"]

1. Nf3 d5 2. e3 Nf6 3. c4 e6 4. b3 b6 5. Bb2 Bb7 6. cxd5 exd5 7. g3 Bd6 8. Bg2 Nbd7 9. O-O O-O 10. Nc3 a6 11. Rc1 ({RR} 11. Nh4 Re8 12. Rc1 Bf8 13. Rc2 Rc8 14. Qa1 c5 15. Ne2 b5 16. d3 Qb6 17. Rfc1 Rcd8 18. a4 Rc8 19. a5 Qd8 20. Nf3 Rc7 21. Nf4 Bd6 22. Nh4 Bf8 23. Nf5 g6 24. Nd4 Bd6 25. Nde2 g5 {Zwardon,V (2442)-Polak,T (2472) Czech Republic CZE 2025 0-1 (41)}) 11... Re8 12. Re1 Nc5 13. d3 h6 $146 ({RR} 13... a5 14. Nb5 Be7 15. Nxc7 Qxc7 16. d4 Rad8 17. dxc5 bxc5 18. Nd4 Qb6 19. Nf5 Bf8 20. Qf3 g6 21. Nh6+ Bxh6 22. Qxf6 Qxf6 23. Bxf6 Rc8 24. Rcd1 Re6 25. Bc3 Rd6 26. Bxa5 Ra8 27. Bc7 Rd7 28. Bb6 {Sonis,F (2538)-Raja,R (2490) Chess.com INT 2022 ½-½ (57)}) ({RR} 13... Qd7 14. Ne2 a5 15. Bxf6 gxf6 16. Ned4 Ba6 17. Bf1 Be5 18. a3 Ne6 19. Bh3 Kh8 20. b4 axb4 21. axb4 Rg8 22. Nc6 Bd6 23. Nfd4 Bb7 24. Qf3 Rg6 25. Qxd5 Nf4 26. Bxd7 Nxd5 27. b5 Ra3 28. Nd8 {Santos Latasa,J (2621)-Sahakyan,A (2328) chess.com INT 2024 1-0 (35)}) 14. a3 Ncd7 15. Qc2 c5 16. d4 Rc8 17. dxc5 bxc5 18. Red1 Qe7 19. Nh4 Qe6 20. Nf5 Bf8 21. Ne2 Qb6 22. Nf4 d4 23. Qb1 Bxg2 24. Kxg2 Qxb3 25. exd4 c4 26. Qc2 Qb7+ 27. d5 g5 28. Bxf6 Nxf6 29. Rb1 Qa8 30. Rb6 Ne4 31. Nh5 Re5 32. Nxh6+ Bxh6 33. Rxh6 Rce8 34. f3 Rxd5 35. Rxd5 Qxd5 36. fxe4 1-0

[Event "Titled Tue 23rd Apr Late"]
[Site "chess.com INT"]
[Date "2024.04.23"]
[Round "6"]
[White "Le, Quang Liem"]
[Black "Malakhov, V."]
[Result "1-0"]
[WhiteElo "2731"]
[BlackElo "2648"]
[PlyCount "75"]
[EventDate "2024.04.23"]

1. Nf3 d5 2. e3 Nf6 3. c4 c6 4. Nc3 a6 5. b3 Bg4 6. h3 Bxf3 7. Qxf3 e6 8. Bb2 ({RR} 8. g4 Nbd7 9. g5 Ne5 10. Qg3 Nfd7 11. f4 Ng6 12. h4 Bd6 13. Bb2 Ne7 14. O-O-O Qa5 15. Kb1 O-O-O 16. h5 Kb8 17. d4 Nf5 18. Qf3 Ba3 19. c5 Bxb2 20. Kxb2 b6 21. cxb6 Nxb6 22. Bd3 Nd6 {Short,N (2705)-Granda Zuniga,J (2657) Lima 2012 1-0 (50)}) 8... Nbd7 9. d4 ({RR} 9. g4 h6 10. Qe2 Be7 11. d3 Rc8 12. Bg2 O-O 13. f4 Nh7 14. O-O-O b5 15. Kb1 Nb6 16. Qc2 Bf6 17. h4 b4 18. Ne2 Bxb2 19. Qxb2 Qf6 20. Qc2 Rfd8 21. g5 Qe7 22. c5 Na8 23. Bf3 Nc7 {Stefanou,K (2318)-Gikas,A (2113) Eforie Nord ROU 2025 1-0}) 9... Bd6 $146 ({RR} 9... Qa5 10. a3 b5 11. cxd5 cxd5 12. Bd3 Rc8 13. b4 Qd8 14. O-O Nb6 15. Na2 Bd6 16. Nc1 Bb8 17. Nb3 Nc4 18. Bxc4 Rxc4 19. Rfc1 Qd6 20. Na5 Rxc1+ 21. Rxc1 Qh2+ 22. Kf1 O-O 23. Ke2 Ne4 24. Nc6 {Marcelin,C (2470)-Fontaine,R (2514) Val d'Isere 2002 0-1 (32)}) 10. Bd3 O-O 11. O-O Qe7 12. Rad1 Rfe8 13. e4 dxc4 14. Bxc4 e5 15. d5 Nb6 16. dxc6 bxc6 17. Bd3 a5 18. Bc2 Bc5 19. Bc1 Nfd7 20. Ne2 Nf8 21. Rd3 Ne6 22. Bb2 a4 23. Rfd1 axb3 24. Bxb3 Ng5 25. Qg4 h5 26. Qxh5 Nxe4 27. Rf3 Nd5 28. Ng3 Nxg3 29. Rxg3 Nf4 30. Qg4 Qf6 31. Rd7 Re7 32. Rxe7 Bxe7 33. Rf3 Rd8 34. g3 Nxh3+ 35. Kg2 Nf4+ 36. gxf4 Rd2 37. Bxe5 Qh6 38. Rh3 1-0

[Event "Bundesliga 2023-24"]
[Site "Hannover GER"]
[Date "2024.04.28"]
[Round "15.3"]
[White "Duda, J."]
[Black "Brkic, A."]
[Result "1-0"]
[WhiteElo "2726"]
[BlackElo "2606"]
[PlyCount "105"]
[EventDate "2023.10.21"]
[EventType "team"]
[WhiteTeam "SC Viernheim"]
[BlackTeam "SK Kirchweyhe"]

1. Nf3 d5 2. g3 g6 3. Bg2 Bg7 4. O-O e5 5. d3 Nc6 6. Nbd2 Nge7 7. e4 O-O 8. Rb1 ({RR} 8. exd5 Nxd5 9. Re1 Re8 10. a3 Bf5 11. Ne4 b6 12. Bg5 f6 13. c4 Bxe4 14. Rxe4 Nde7 15. Bc1 Qd7 16. Re1 Rad8 17. Bf1 Nf5 18. Bd2 Nfd4 19. Bc3 Nxf3+ 20. Qxf3 Nd4 21. Bxd4 Qxd4 22. b4 Qd7 {Mamedyarov,S (2801)-Giri,A (2782) Chess.com INT 2018 0-1}) 8... a5 ({RR} 8... f5 9. b4 a6 10. a4 b5 11. c3 Be6 12. Ng5 Bc8 13. Qb3 bxa4 14. Qa2 Kh8 15. exd5 h6 16. Nh3 Nb8 17. d6 Nec6 18. dxc7 Qxc7 19. Qxa4 Bb7 20. Nc4 Nd7 21. b5 axb5 22. Qxb5 Rab8 23. Ba3 {Gutierrez Olivares,D (2354)-Golubenko,V (2209) chess.com INT 2023 1-0 (38)}) 9. b3 $146 ({RR} 9. a3 a4 10. b4 axb3 11. cxb3 b6 12. Bb2 d4 13. Rc1 Be6 14. b4 Qd7 15. Nc4 f6 16. Qc2 Rfc8 17. Ne1 Nd8 18. f4 Qb5 19. Nd2 Ra6 20. Qb1 Qd7 21. Qc2 Nf7 22. Nef3 c6 23. Nh4 Nd6 {Zimmer,O-Ottstadt,R (2260) Germany 1995 ½-½ (41)}) 9... d4 10. Nc4 b5 11. Nb2 h6 12. a4 b4 13. Nh4 Be6 14. f4 exf4 15. gxf4 f5 16. Qe1 Qd7 17. Bd2 Bf7 18. Qg3 fxe4 19. dxe4 d3 20. Nxd3 Nd4 21. Rf2 Nxc2 22. Ne5 Qe6 23. Nxf7 Rxf7 24. Rc1 Nd4 25. Bf1 Qxb3 26. Bc4 Qxg3+ 27. hxg3 c6 28. Be3 Bf6 29. Kg2 Kf8 30. Rd2 c5 31. Nf3 Nxf3 32. Kxf3 Bc3 33. Rd7 Rf6 34. Bxc5 Rc6 35. Bxe7+ Ke8 36. Bb5 Kxd7 37. Bf6 Rb8 38. Bxc6+ Kxc6 39. Bxc3 bxc3 40. Rxc3+ Kd7 41. Rc5 Rb3+ 42. Kg4 Rb4 43. Rd5+ Kc7 44. Rxa5 Rxe4 45. Ra6 g5 46. Rxh6 gxf4 47. gxf4 Rxa4 48. Re6 Kd7 49. Re1 Ra8 50. Kg5 Rg8+ 51. Kh6 Rf8 52. Re4 Kd6 53. Kg7 1-0

[Event "Bundesliga 2023-24"]
[Site "Hannover GER"]
[Date "2024.04.28"]
[Round "15.3"]
[White "Maghsoodloo, Parham"]
[Black "Stevic, H."]
[Result "1-0"]
[WhiteElo "2707"]
[BlackElo "2549"]
[PlyCount "99"]
[EventDate "2023.10.21"]
[EventType "team"]
[WhiteTeam "SC Viernheim"]
[BlackTeam "SK Kirchweyhe"]

1. Nf3 d5 2. g3 Bg4 3. Bg2 c6 4. h3 Bh5 5. c4 e6 6. d4 Nf6 ({RR} 6... Nd7 7. cxd5 exd5 8. Nc3 Ngf6 9. Ne5 Bd6 10. f4 Bg6 11. O-O Be4 12. Nxe4 Nxe4 13. Bxe4 dxe4 14. Qb3 Bxe5 15. dxe5 Nb6 16. Qb4 Qd5 17. b3 O-O-O 18. Be3 Qe6 19. Kh2 f6 20. Qxe4 fxe5 21. fxe5 {Giri,A (2749)-Maghsoodloo,P (2740) Wijk aan Zee NED 2024 ½-½ (63)}) 7. Ne5 $146 ({RR} 7. O-O Be7 8. Nc3 O-O 9. g4 Bg6 10. Ne5 Nbd7 11. Nxg6 hxg6 12. Qd3 Qa5 13. cxd5 exd5 14. Bf4 Rfe8 15. g5 Nh5 16. Bd2 Qb6 17. h4 Nf8 18. Bh3 Bd6 19. e3 Ne6 20. Rab1 a5 21. Kg2 Qa6 {Gorovets,A (2481)-Murzin,V (2627) Samarkand UZB 2023 0-1 (67)}) ({RR} 7. Nc3 Be7 8. O-O Nbd7 9. cxd5 cxd5 10. Ne5 O-O 11. Qb3 Nxe5 12. dxe5 Nd7 13. Qxb7 Nxe5 14. Bf4 Nc4 15. b3 Nd6 16. Qa6 Qc8 17. Qd3 Bg6 18. Qd2 Rd8 19. Rac1 Qa6 20. Na4 Rac8 21. Be5 Ne4 {Gonda,L (2474)-Bochnicka,V (2348) Slovakia SVK 2025 ½-½ (60)}) 7... Nbd7 8. Nc3 Nxe5 9. dxe5 Nd7 10. cxd5 cxd5 11. O-O Bc5 12. g4 Bg6 13. e4 dxe4 14. Nxe4 Bxe4 15. Bxe4 Nxe5 16. Bf4 Ng6 17. Bg3 e5 18. Qa4+ Qd7 19. Qc4 Rc8 20. Qb3 O-O 21. Bf5 Qe7 22. Bxc8 Rxc8 23. Rac1 Rd8 24. Qc4 b6 25. Rfd1 a5 26. Rd5 h6 27. Rcd1 Bd4 28. Kh2 Rxd5 29. Qxd5 Qf6 30. Rd3 Qe7 31. Qa8+ Kh7 32. Qe4 Kg8 33. h4 Qc5 34. Rd2 Nf8 35. Rc2 Qe7 36. b3 Qd7 37. f3 Qb5 38. Kg2 a4 39. bxa4 Qb1 40. Bf2 Bxf2 41. Rxf2 Qd1 42. Rc2 Qd8 43. h5 Qd6 44. Re2 Qd1 45. Qc2 Qd6 46. Qd2 Qc5 47. Qb2 Nd7 48. Rc2 Qd6 49. Rc8+ Nf8 50. Re8 1-0

[Event "Titled Tue 30th Apr Early"]
[Site "chess.com INT"]
[Date "2024.04.30"]
[Round "9"]
[White "Mitrabha, G."]
[Black "Nakamura, Hi"]
[Result "1-0"]
[WhiteElo "2537"]
[BlackElo "2789"]
[PlyCount "175"]
[EventDate "2024.04.30"]

1. Nf3 g6 2. c4 Bg7 3. g3 d6 4. Bg2 Bd7 ({RR} 4... Nc6 5. d4 Bd7 6. Nc3 Qc8 7. d5 Ne5 8. Nxe5 Bxe5 9. h4 h6 10. h5 g5 11. f4 gxf4 12. Bxf4 Bxf4 13. gxf4 c5 14. dxc6 Bxc6 15. Rg1 Nf6 16. Qd4 Bxg2 17. Rxg2 Qc6 18. Kf2 a6 19. Nd5 {Nihal,S (2669)-Nakamura,H (2794) chess.com INT 2024 1-0 (48)}) 5. Nc3 Qc8 6. h4 $146 ({RR} 6. O-O Bh3 7. b3 Nc6 8. Bb2 h5 9. Qc1 Nh6 10. Nd5 O-O 11. Bxg7 Kxg7 12. Qc3+ e5 13. d4 Bxg2 14. Kxg2 e4 15. Nd2 f5 16. e3 h4 17. Nf4 hxg3 18. hxg3 Qd7 19. d5+ Ne5 20. Ne6+ Kf7 {Avila Bautista,R (2202)-Marchesich,G (2210) chess.com INT 2024 1-0}) 6... h6 7. d3 Bxc3+ 8. bxc3 f5 9. Rb1 c5 10. h5 gxh5 11. Ne5 Nc6 12. Nxd7 Qxd7 13. Qa4 O-O-O 14. Be3 e6 15. Rxh5 Rh7 16. Kd2 Kc7 17. Rhh1 b6 18. Bxc6 Qxc6 19. Qxa7+ Qb7 20. Qxb7+ Kxb7 21. Kc2 Ra8 22. Kb2 Kc6 23. Rh4 Rha7 24. Ra1 Rh7 25. a3 h5 26. Bg5 Ra6 27. Kb3 Ra8 28. Rah1 Rha7 29. Ra1 Rh7 30. f3 Raa7 31. Rah1 Rhb7 32. a4 d5 33. Rxh5 Rg7 34. Bf4 Ne7 35. Be5 Rg8 36. Rh7 Rd7 37. Rh8 Rxh8 38. Bxh8 Ng6 39. Bf6 Rf7 40. Bg5 Rg7 41. Rh6 dxc4+ 42. dxc4 Rg8 43. Bf6 Nf8 44. Be5 Ng6 45. Bf6 Nf8 46. Bh4 Ng6 47. Kc2 Kd6 48. Bg5 Kd7 49. Kd2 Ne5 50. Rh7+ Kc6 51. Bf4 Nxc4+ 52. Kd3 Nb2+ 53. Kc2 Nxa4 54. c4 b5 55. Kb3 bxc4+ 56. Kxc4 Nb6+ 57. Kb3 Nd5 58. Be5 Ra8 59. Rh6 Kb5 60. Rxe6 c4+ 61. Kb2 Kb4 62. Rd6 Kb5 63. Rxd5+ Kc6 64. Rd6+ Kc5 65. Rd7 Kc6 66. Rd1 Re8 67. f4 Rg8 68. Kc3 Kc5 69. Bd6+ Kb5 70. Rd5+ Kc6 71. Kxc4 Rxg3 72. Be5 Re3 73. Rd6+ Kb7 74. Rd2 Kc6 75. Kd4 Ra3 76. e3 Kd7 77. Rc2 Ke6 78. Rc6+ Kd7 79. Rd6+ Ke7 80. Rb6 Ra5 81. Rc6 Ra4+ 82. Rc4 Ra5 83. e4 Ke6 84. Rc6+ Kd7 85. Rd6+ Ke7 86. exf5 Ra4+ 87. Ke3 Ra5 88. Ke4 1-0

[Event "Titled Tue 30th Apr Late"]
[Site "chess.com INT"]
[Date "2024.04.30"]
[Round "9"]
[White "Oparin, G."]
[Black "Nasuta, G."]
[Result "1-0"]
[WhiteElo "2670"]
[BlackElo "2552"]
[PlyCount "79"]
[EventDate "2024.04.30"]

1. Nf3 d5 2. g3 Bg4 3. Bg2 e6 4. c4 c6 5. Qb3 Qb6 6. d3 Nd7 7. Be3 Bc5 8. Bxc5 Nxc5 9. Qc3 Nf6 10. b3 ({RR} 10. Nbd2 O-O 11. O-O Rad8 12. b4 Ncd7 13. a4 Rfe8 14. a5 Qc7 15. cxd5 Nxd5 16. Qc4 Bxf3 17. Nxf3 a6 18. Rfc1 Qd6 19. Rab1 Nc7 20. Qd4 Qe7 21. Qa7 Rb8 22. Nd4 Qd6 23. Rc4 Ne5 24. Rcc1 Red8 {Neverov,V (2426)-Jakab,A (2236) Budapest HUN 2025 1-0 (51)}) 10... O-O 11. O-O a5 $146 ({RR} 11... Rad8 12. Nbd2 Rfe8 13. b4 Ncd7 14. e4 Bxf3 15. Bxf3 dxe4 16. Nxe4 Nxe4 17. dxe4 c5 18. b5 f6 19. Rfd1 Ne5 20. Be2 Rd4 21. f4 Nf7 22. Rxd4 cxd4 23. Qd3 Qc5 24. a4 e5 25. f5 Nd6 26. Kg2 {David,A (2428)-Ramirez Alvarez,A (2567) Chess.com INT 2020 0-1 (34)}) 12. Nbd2 h6 13. h3 Bf5 14. a3 Rfe8 15. b4 Ncd7 16. Rfc1 e5 17. bxa5 Qxa5 18. Qxa5 Rxa5 19. cxd5 cxd5 20. Rc7 b6 21. Ne1 Rea8 22. Nc2 Be6 23. Rb1 Ne8 24. Rc6 Nef6 25. f4 Rc5 26. Rxc5 bxc5 27. Nc4 exf4 28. gxf4 Ra6 29. N4e3 d4 30. f5 Ba2 31. Rb2 dxe3 32. Rxa2 Nh5 33. Nxe3 Nf4 34. a4 Ne5 35. a5 g6 36. Bb7 Ra7 37. a6 gxf5 38. Nxf5 Ne6 39. Ne7+ Kg7 40. Nc8 1-0

[Event "Titled Tue 30th Apr Late"]
[Site "chess.com INT"]
[Date "2024.04.30"]
[Round "10"]
[White "Melkumyan, H."]
[Black "Shimanov, A."]
[Result "1-0"]
[WhiteElo "2640"]
[BlackElo "2576"]
[PlyCount "145"]
[EventDate "2024.04.30"]

1. Nf3 b6 2. c4 Bb7 3. Nc3 Nf6 4. d4 g6 5. Qc2 d5 6. cxd5 Nxd5 7. e4 Nxc3 8. bxc3 Bg7 9. Be2 ({RR} 9. Ba3 O-O 10. Bc4 c5 11. dxc5 Qc7 12. Bd5 Nd7 13. Bxb7 Qxb7 14. cxb6 Rfc8 15. Bb2 Nxb6 16. O-O Rc4 17. Nd2 Rc7 18. Qb3 Rac8 19. Rfc1 Qa6 20. a4 Qd3 21. Qc2 Qxc2 22. Rxc2 Bxc3 23. Bxc3 Rxc3 {Yelisieiev,Y (2421)-Sanchez Ibern,M (2316) chess.com INT 2025 1-0 (50)}) 9... Nd7 10. Be3 O-O 11. O-O e5 $146 ({RR} 11... e6 12. Nd2 c5 13. a4 Qc7 14. Qb3 Rac8 15. f3 cxd4 16. cxd4 Qc3 17. Qxc3 Rxc3 18. Kf2 Rfc8 19. a5 Rc2 20. axb6 axb6 21. Ra7 R8c7 22. Bd3 R2c3 23. Bb5 f5 24. e5 Bf8 25. Rb1 Bd5 26. Rxc7 {Oussedik,M (2404)-Hamdouchi,H (2561) chess24.com INT 2020 0-1 (66)}) 12. Rad1 Qe7 13. d5 Kh8 14. Nd2 f5 15. f3 f4 16. Bf2 g5 17. c4 c5 18. dxc6 Bxc6 19. Nb1 Nc5 20. Nc3 Ne6 21. Nd5 Qf7 22. c5 bxc5 23. Bc4 Rac8 24. Qc3 Qe8 25. Qa3 Nd4 26. Qxa7 g4 27. fxg4 Bxd5 28. exd5 e4 29. d6 Qg6 30. Bh4 Qxd6 31. Be7 Qe5 32. Bxf8 Rxf8 33. Kh1 e3 34. Rde1 e2 35. Rg1 f3 36. gxf3 Rxf3 37. Qa8+ Rf8 38. Qg2 Re8 39. a4 Qe3 40. a5 Qc3 41. Bd5 Qxa5 42. g5 Qd2 43. g6 h6 44. Bf7 Rd8 45. Bc4 Re8 46. Bf7 Rf8 47. Bc4 Nf3 48. Rxe2 Qc3 49. Rf1 Qxc4 50. Ref2 Rg8 51. Rxf3 Qd5 52. Rf7 Qd3 53. R7f3 Qe4 54. Rf4 Qd3 55. Rf7 c4 56. Rc7 c3 57. h3 Qd4 58. Rff7 Qd1+ 59. Qf1 Qd5+ 60. Qf3 Qd4 61. Kg2 Qd2+ 62. Qf2 Qg5+ 63. Qg3 Qd2+ 64. Kh1 Qd1+ 65. Kh2 Qd2+ 66. Qg2 Be5+ 67. Kg1 Qd1+ 68. Qf1 Qd4+ 69. Kh1 Qd5+ 70. Qf3 Qxf3+ 71. Rxf3 Bg7 72. Rfxc3 Bxc3 73. Rh7# 1-0

[Event "TCh-MNE Premier 2024"]
[Site "Herceg Novi MNE"]
[Date "2024.05.03"]
[Round "8.1"]
[White "Saric, Iv"]
[Black "Kadric, D."]
[Result "1-0"]
[WhiteElo "2670"]
[BlackElo "2558"]
[PlyCount "73"]
[EventDate "2024.04.27"]
[WhiteTeam "Herceg Novi 1949"]
[BlackTeam "Elektroprivreda"]

1. Nf3 d5 2. g3 g6 3. c4 c6 4. Bg2 Bg7 5. O-O Nf6 6. b3 Ne4 7. d4 O-O 8. Bb2 a5 9. Nc3 Bf5 10. Ne5 Nxc3 11. Bxc3 Nd7 12. cxd5 cxd5 13. Bxd5 Nxe5 14. dxe5 Rc8 15. Rc1 Rc5 16. Bf3 $146 ({RR} 16. Bg2 Bxe5 17. Bxe5 Rxe5 18. e4 Be6 19. Qc2 Rb5 20. Rfd1 Qb6 21. Qc7 Qxc7 22. Rxc7 Ra8 23. Bf1 Rb4 24. Rxe7 a4 25. Bc4 Bxc4 26. bxc4 Rxc4 27. Rdd7 Rf8 28. Rxb7 Rc2 29. e5 Rxa2 30. e6 a3 {Kempinski,R (2553)-Krasenkow,M (2609) Warsaw 2003 ½-½ (51)}) 16... Bxe5 17. Bxe5 Rxe5 18. Rc4 Qxd1 19. Rxd1 b5 20. Rc7 Kg7 21. Ra7 Be4 22. Rxa5 Bxf3 23. exf3 Re2 24. Rxb5 Rxa2 25. Rb7 Rc8 26. Rxe7 Rcc2 27. Rdd7 Rxf2 28. Rxf7+ Kg8 29. Rg7+ Kf8 30. Rxh7 Kg8 31. Rdg7+ Kf8 32. Ra7 Rxa7 33. Rxa7 Rxf3 34. Rb7 Rc3 35. Kg2 Rc2+ 36. Kh3 Rb2 37. b4 1-0